000 01047nam a2200277 a 4500
001 51911
003 BD-RjUL
005 20211209075729.0
008 160904s1954 enk b 001 0 eng
035 _a(BD-RjUL) 52031
040 _aDLC
_cGFV
_dOCL
_dNRC
_dOCL
_dUKM
_dBD-RjUL
_dEQO
_beng
041 _aeng
082 0 4 _a364.256
_223
_bSPC 1954
100 1 _aSpencer, John Carrington.
_9155264
245 1 0 _aCrime and the Services /
_cJohn C. Spencer ; forword by Hermann Mannheim.
260 _aLondon :
_bRoutledge & Paul,
_cc1954
300 _axii, 306 p. ;
_c23 cm.
490 1 _aInternational library of sociology and social reconstruction
500 _a"In its original form ... [the author's] thesis for the doctorate of philosophy ... University of London."
504 _aBibliography: p. 289-300 and index.
650 0 _aCriminals.
_9155265
650 0 _aSoldiers.
_9155266
650 0 _aVeterans.
_9149021
830 0 _aInternational library of sociology and social reconstruction (Routledge & Kegan Paul)
_9116496
942 _2ddc
_cBK
999 _c51911
_d51911